[Event "AUT North-ch"]
[Site "Linz"]
[Date "2001.04.09"]
[Round "4"]
[White "Kuttnig, Roland"]
[Black "Moser, Eva"]
[Result "0-1"]
[WhiteElo "2071"]
[BlackElo "2309"]
[PlyCount "66"]
[EventDate "2001.04.06"]
[EventType "swiss"]
[EventRounds "9"]
[EventCountry "AUT"]
[SourceTitle "EXT 2006"]
[Source "ChessBase"]
[SourceDate "2005.11.24"]
[SourceVersion "1"]
[SourceVersionDate "2005.11.24"]
[SourceQuality "1"]

1. e4 b6 2. c4 Bb7 3. Nc3 e6 4. d4 d6 5. Nf3 Ne7 6. Bg5 h6 7. Be3 g6 8. Be2 Bg7
9. Qd2 Nd7 10. O-O f5 11. Bd3 Nf6 12. Qc2 O-O 13. Rad1 Nh5 14. d5 f4 15. Bc1
Bxc3 16. Qxc3 e5 17. Be2 Nf6 18. Qd3 Bc8 19. h3 Nxe4 20. Nxe5 Nc5 21. Qf3 dxe5
22. d6 Bb7 23. dxe7 Qxe7 24. Qg4 Kg7 25. h4 a5 26. b3 Rae8 27. Ba3 Bc8 28. Qf3
e4 29. Qc3+ Kh7 30. h5 f3 31. hxg6+ Kxg6 32. gxf3 Qg5+ 33. Kh1 Rf4 0-1

[Event "AUT North-ch"]
[Site "Linz"]
[Date "2001.04.08"]
[Round "3"]
[White "Moser, Eva"]
[Black "Niederwieser, Peter"]
[Result "1-0"]
[WhiteElo "2309"]
[BlackElo "1995"]
[PlyCount "61"]
[EventDate "2001.04.06"]
[EventType "swiss"]
[EventRounds "9"]
[EventCountry "AUT"]
[SourceTitle "EXT 2006"]
[Source "ChessBase"]
[SourceDate "2005.11.24"]
[SourceVersion "1"]
[SourceVersionDate "2005.11.24"]
[SourceQuality "1"]

1. e4 c5 2. g3 Nc6 3. Bg2 e6 4. d3 d5 5. Nd2 g6 6. f4 Bg7 7. Ngf3 Nge7 8. O-O
O-O 9. c3 b6 10. Qa4 a5 11. Rd1 Ba6 12. Nf1 Ra7 13. e5 Qc8 14. Be3 Rd8 15. Bf2
Rad7 16. Qc2 h5 17. h3 Bh6 18. a3 Qc7 19. Rab1 Rb8 20. Qd2 Rdd8 21. g4 hxg4 22.
hxg4 d4 23. cxd4 Nxd4 24. Nxd4 cxd4 25. Bh4 Rdc8 26. Bf6 Qd7 27. Ng3 Nd5 28.
Bxd5 Qxd5 29. Ne4 Bb7 30. Qh2 Bg7 31. Ng5 1-0

[Event "AUT North-ch"]
[Site "Linz"]
[Date "2001.04.07"]
[Round "2"]
[White "Hainzinger, Johann"]
[Black "Moser, Eva"]
[Result "1/2-1/2"]
[WhiteElo "2038"]
[BlackElo "2309"]
[PlyCount "66"]
[EventDate "2001.04.06"]
[EventType "swiss"]
[EventRounds "9"]
[EventCountry "AUT"]
[SourceTitle "EXT 2006"]
[Source "ChessBase"]
[SourceDate "2005.11.24"]
[SourceVersion "1"]
[SourceVersionDate "2005.11.24"]
[SourceQuality "1"]

1. d4 e6 2. h3 b6 3. Nf3 Bb7 4. Bf4 Nf6 5. e3 Be7 6. Bd3 c5 7. c3 Nc6 8. a3 d6
9. O-O O-O 10. Qe2 Qc7 11. dxc5 bxc5 12. e4 c4 13. Bxc4 Nxe4 14. Nbd2 Nxd2 15.
Nxd2 Rac8 16. Rfe1 Nd8 17. Bd3 Kh8 18. Rad1 f5 19. Be3 Ba8 20. f4 Rf6 21. Nf3
Rg6 22. Bf2 h6 23. Kh1 Bf6 24. Ba6 Rb8 25. Rd2 Kh7 26. Qe3 Qc6 27. Bf1 Rb7 28.
Red1 Rd7 29. Bh4 Nf7 30. Bxf6 Rxf6 31. Nd4 Nd8 32. Nb5 Nf7 33. c4 a6 1/2-1/2

[Event "AUT North-ch"]
[Site "Linz"]
[Date "2001.04.06"]
[Round "1"]
[White "Moser, Eva"]
[Black "Fugger, Christian"]
[Result "1-0"]
[WhiteElo "2309"]
[BlackElo "1753"]
[PlyCount "27"]
[EventDate "2001.04.06"]
[EventType "swiss"]
[EventRounds "9"]
[EventCountry "AUT"]
[SourceTitle "EXT 2006"]
[Source "ChessBase"]
[SourceDate "2005.11.24"]
[SourceVersion "1"]
[SourceVersionDate "2005.11.24"]
[SourceQuality "1"]

1. e4 c5 2. g3 d6 3. Bg2 Nc6 4. d3 Nf6 5. f4 g6 6. Nf3 Bg7 7. O-O O-O 8. h3 e5
9. Nc3 a6 10. f5 Nd4 11. g4 Nd7 12. Nd5 b5 13. Nxd4 cxd4 14. f6 1-0

[Event "AUT-chT 0001"]
[Site "Austria"]
[Date "2001.03.18"]
[Round "11"]
[White "Moser, Eva"]
[Black "Thoma, Robert"]
[Result "1/2-1/2"]
[WhiteElo "2309"]
[BlackElo "2316"]
[PlyCount "109"]
[EventDate "2000.10.??"]
[EventType "team-tourn"]
[EventRounds "11"]
[EventCountry "AUT"]
[SourceTitle "CBM 081 Extra"]
[Source "ChessBase"]
[SourceDate "2001.05.06"]
[SourceVersion "1"]
[SourceVersionDate "2001.05.06"]
[SourceQuality "1"]

1. e4 c6 2. d4 g6 3. Nc3 Bg7 4. h3 d5 5. e5 f6 6. Nf3 Nh6 7. Bf4 Nf7 8. Qd2 Qa5
9. exf6 Bxf6 10. Bd3 Nd7 11. O-O Nf8 12. Nb5 Qxd2 13. Nc7+ Kd8 14. Nxd2 Ne6 15.
Nxe6+ Bxe6 16. Rfe1 Bf5 17. Bxf5 gxf5 18. Nf3 Kd7 19. Re3 Rhg8 20. a4 b6 21. a5
c5 22. dxc5 bxc5 23. Rd1 e6 24. c4 d4 25. b4 Rge8 26. Ne5+ Bxe5 27. Bxe5 Nd6
28. Red3 Nf7 29. Bh2 e5 30. bxc5 Kc6 31. f4 Kxc5 32. fxe5 Rad8 33. Rf3 Kxc4 34.
Rxf5 Rd7 35. Kf2 Nd8 36. Ke2 Ne6 37. Rf6 Kd5 38. Rb1 Ke4 39. Kd2 Kd5 40. g4 Nc5
41. Rf5 Ne4+ 42. Kd3 Re6 43. Rb4 Nc5+ 44. Ke2 Ne4 45. Rb8 Kc4 46. Rc8+ Kd5 47.
Rff8 Rh6 48. e6 d3+ 49. Kd1 Kxe6 50. Rc6+ Ke7 51. Rxh6 Nc3+ 52. Kd2 Ne4+ 53.
Kd1 Nc3+ 54. Kd2 Ne4+ 55. Kd1 1/2-1/2

[Event "AUT-chT 0001"]
[Site "Austria"]
[Date "2001.03.17"]
[Round "10"]
[White "Postl, Anton"]
[Black "Moser, Eva"]
[Result "1/2-1/2"]
[WhiteElo "2278"]
[BlackElo "2309"]
[PlyCount "101"]
[EventDate "2000.10.??"]
[EventType "team-tourn"]
[EventRounds "11"]
[EventCountry "AUT"]
[SourceTitle "CBM 081 Extra"]
[Source "ChessBase"]
[SourceDate "2001.05.06"]
[SourceVersion "1"]
[SourceVersionDate "2001.05.06"]
[SourceQuality "1"]

1. d4 e6 2. c4 f5 3. g3 Nf6 4. Bg2 Be7 5. Nf3 d6 6. O-O O-O 7. Nc3 Qe8 8. b4 e5
9. dxe5 dxe5 10. Qb3 e4 11. Nd4 c5 12. bxc5 Bxc5 13. Ndb5 Na6 14. Ba3 Be6 15.
Rfd1 Qc6 16. Nd5 Kh8 17. Nd4 Bxd4 18. Rxd4 Nc5 19. Qe3 b6 20. Rad1 Ng4 21. Qc1
Rfd8 22. f3 Ne5 23. fxe4 Nxe4 24. Bxe4 fxe4 25. Rxe4 Bxd5 26. cxd5 Rxd5 27.
Rxd5 Qxd5 28. Qe3 Nc4 29. Re8+ Rxe8 30. Qxe8+ Qg8 31. Qxg8+ Kxg8 32. Bc1 Kf7
33. Kf2 Ke6 34. Kf3 Ke5 35. g4 b5 36. Bf4+ Kd4 37. Bc7 a5 38. e3+ Kd3 39. Kf4
b4 40. e4 a4 41. e5 Ne3 42. Bd6 b3 43. axb3 axb3 44. Ba3 Nc4 45. e6 Nxa3 46. e7
b2 47. e8=Q b1=Q 48. Qe3+ Kc4 49. Qxa3 Qb8+ 50. Ke4 Qe8+ 51. Kf3 1/2-1/2

[Event "AUT-chT 0001"]
[Site "Austria"]
[Date "2001.03.16"]
[Round "9"]
[White "Moser, Eva"]
[Black "Woeber, Friedrich"]
[Result "1/2-1/2"]
[WhiteElo "2309"]
[BlackElo "2165"]
[PlyCount "50"]
[EventDate "2000.10.??"]
[EventType "team-tourn"]
[EventRounds "11"]
[EventCountry "AUT"]
[SourceTitle "CBM 081 Extra"]
[Source "ChessBase"]
[SourceDate "2001.05.06"]
[SourceVersion "1"]
[SourceVersionDate "2001.05.06"]
[SourceQuality "1"]

1. e4 e5 2. f4 exf4 3. Nf3 d5 4. exd5 Nf6 5. Bb5+ c6 6. dxc6 Nxc6 7. d4 Bd6 8.
O-O O-O 9. c4 Qb6 10. Nc3 Nxd4 11. Nxd4 Bc5 12. Rxf4 Rd8 13. Kh1 Bxd4 14. Nd5
Rxd5 15. cxd5 Be5 16. Rxf6 Qxf6 17. Qe2 Bf5 18. Bd2 Bd6 19. Bc3 Qg6 20. Re1 h5
21. Be5 a6 22. Bxd6 axb5 23. Bb4 Rxa2 24. Bc3 Ra4 25. d6 Bd7 1/2-1/2

[Event "AUT-chT 0001"]
[Site "Austria"]
[Date "2001.01.20"]
[Round "7"]
[White "Moser, Eva"]
[Black "Raubal, Martin"]
[Result "1-0"]
[WhiteElo "2332"]
[BlackElo "2205"]
[PlyCount "83"]
[EventDate "2000.10.??"]
[EventType "team-tourn"]
[EventRounds "11"]
[EventCountry "AUT"]
[SourceTitle "CBM 081 Extra"]
[Source "ChessBase"]
[SourceDate "2001.05.06"]
[SourceVersion "1"]
[SourceVersionDate "2001.05.06"]
[SourceQuality "1"]

1. e4 c6 2. d4 d5 3. e5 c5 4. dxc5 e6 5. Be3 Nc6 6. Bb5 Bd7 7. Bxc6 Bxc6 8. Nf3
Qc7 9. c3 Ne7 10. b4 Ng6 11. Bd4 Be7 12. O-O O-O 13. a4 f5 14. Nbd2 Nf4 15. Nb3
Be8 16. Qd2 Ng6 17. Qc2 Nh4 18. Nxh4 Bxh4 19. f4 Kh8 20. Rfc1 Rg8 21. Kh1 Bh5
22. c4 Rad8 23. b5 g5 24. cxd5 Rxd5 25. c6 gxf4 26. cxb7 Qxb7 27. Qc7 Rxb5 28.
Qxb7 Rxb7 29. Nc5 Re7 30. a5 f3 31. g3 Bg5 32. Rcb1 Rd8 33. Bf2 Rd2 34. Kg1 Kg7
35. a6 Be8 36. Rb7 Kf7 37. Nb3 Rdd7 38. Na5 Rc7 39. Bxa7 Bd2 40. Bb6 Bxa5 41.
Bxc7 Bc3 42. Rc1 1-0

[Event "AUT-chT 0001"]
[Site "Austria"]
[Date "2001.01.19"]
[Round "6"]
[White "Kastner, Walter"]
[Black "Moser, Eva"]
[Result "0-1"]
[WhiteElo "2311"]
[BlackElo "2332"]
[PlyCount "118"]
[EventDate "2000.10.??"]
[EventType "team-tourn"]
[EventRounds "11"]
[EventCountry "AUT"]
[SourceTitle "CBM 081 Extra"]
[Source "ChessBase"]
[SourceDate "2001.05.06"]
[SourceVersion "1"]
[SourceVersionDate "2001.05.06"]
[SourceQuality "1"]

1. d4 e6 2. Nf3 f5 3. g3 Nf6 4. Bg2 Be7 5. O-O O-O 6. Bg5 h6 7. Bxf6 Bxf6 8.
Nc3 d5 9. e3 b6 10. Ne2 Ba6 11. Re1 Qe8 12. Nf4 c6 13. Nd2 g5 14. Nd3 Nd7 15.
c4 Be7 16. Qa4 Bxc4 17. Nxc4 b5 18. Qa6 bxc4 19. Qxc6 cxd3 20. Qxe6+ Kg7 21.
Qxd5 Rb8 22. Red1 Rxb2 23. Rxd3 Qc8 24. Rb3 Nb6 25. Qb5 Rc2 26. Bf1 Qc6 27. Bd3
Rc1+ 28. Rxc1 Qxc1+ 29. Bf1 Rf6 30. Rb1 Qc6 31. Bd3 Qxb5 32. Rxb5 f4 33. gxf4
gxf4 34. Ra5 Nc8 35. e4 Rd6 36. Ra4 Rb6 37. Kg2 Rb4 38. Rxb4 Bxb4 39. Kf3 Bc3
40. Ba6 Ne7 41. Kxf4 Bxd4 42. f3 Kf6 43. Kg4 Ke5 44. Bb7 Be3 45. Kh5 Kf6 46.
Kg4 Ng6 47. Ba6 Nf4 48. Bb5 Ke5 49. Be8 Ne2 50. Bf7 Nc3 51. Bb3 Bf4 52. Kh5 Nb1
53. h4 Nd2 54. Bd1 Kd4 55. Kg4 Ke3 56. a4 a5 57. h5 Nc4 58. Kf5 Ne5 59. Kf6
Nxf3 0-1

[Event "BL 0001 (Women)"]
[Site "Germany"]
[Date "2001.??.??"]
[Round "11.4"]
[White "Moser, Eva"]
[Black "Belic, Jordanka"]
[Result "1/2-1/2"]
[WhiteElo "2332"]
[BlackElo "2333"]
[PlyCount "61"]
[EventDate "2000.10.??"]
[EventType "team-tourn"]
[EventRounds "11"]
[EventCountry "GER"]
[SourceTitle "CBM 082 Extra"]
[Source "ChessBase"]
[SourceDate "2001.07.03"]
[SourceVersion "1"]
[SourceVersionDate "2001.07.03"]
[SourceQuality "1"]
[WhiteTeam "Dresden (W)"]
[BlackTeam "Emsdetten Turm (W)"]
[WhiteTeamCountry "GER"]
[BlackTeamCountry "GER"]

1. e4 Nc6 2. d4 d6 3. g3 e5 4. d5 Nb8 5. c4 f5 6. Nc3 Nf6 7. exf5 Bxf5 8. Bh3
Qc8 9. Bxf5 Qxf5 10. Nf3 Be7 11. Qe2 Na6 12. Nh4 Qh3 13. f4 O-O 14. Qg2 Qxg2
15. Nxg2 Nd7 16. O-O Bf6 17. Ne4 Nac5 18. Nxf6+ Rxf6 19. Be3 Nd3 20. b3 a5 21.
fxe5 Rxf1+ 22. Rxf1 N7xe5 23. Nf4 Nxf4 24. Bxf4 Nd3 25. Rf3 Nxf4 26. Rxf4 Re8
27. Kf2 g5 28. Rf5 h6 29. h4 gxh4 30. gxh4 Kg7 31. Rf4 1/2-1/2

[Event "BL 0001 (Women)"]
[Site "Germany"]
[Date "2001.??.??"]
[Round "10.4"]
[White "Kas Fromm, Rita"]
[Black "Moser, Eva"]
[Result "0-1"]
[WhiteElo "2212"]
[BlackElo "2332"]
[PlyCount "56"]
[EventDate "2000.10.??"]
[EventType "team-tourn"]
[EventRounds "11"]
[EventCountry "GER"]
[SourceTitle "CBM 082 Extra"]
[Source "ChessBase"]
[SourceDate "2001.07.03"]
[SourceVersion "1"]
[SourceVersionDate "2001.07.03"]
[SourceQuality "1"]
[WhiteTeam "Hamburger SK (W)"]
[BlackTeam "Dresden (W)"]
[WhiteTeamCountry "GER"]
[BlackTeamCountry "GER"]

1. d4 e6 2. c4 f5 3. g3 Nf6 4. Bg2 Be7 5. Nc3 O-O 6. Nf3 d6 7. O-O Qe8 8. Qc2
Qh5 9. e4 e5 10. dxe5 dxe5 11. Nd5 Nxd5 12. cxd5 Bd6 13. Be3 f4 14. Bc5 Na6 15.
b4 Bg4 16. Qc3 b6 17. Bxd6 cxd6 18. a3 Rac8 19. Qd3 Nb8 20. h4 Rc7 21. Ng5 Be2
22. Qd2 Bxf1 23. Bf3 Qg6 24. Ne6 Bh3 25. Nxc7 fxg3 26. Qe2 gxf2+ 27. Kxf2 Bg4
28. Rg1 Bxf3 0-1

[Event "Oberwart op"]
[Site "Oberwart"]
[Date "2001.??.??"]
[Round "9"]
[White "Moser, Eva"]
[Black "Weiss, Christian"]
[Result "1/2-1/2"]
[WhiteElo "2309"]
[BlackElo "2372"]
[PlyCount "33"]
[EventDate "2001.??.??"]
[EventType "swiss"]
[EventRounds "9"]
[EventCountry "AUT"]
[SourceTitle "EXT 2002"]
[Source "ChessBase"]
[SourceDate "2001.11.25"]
[SourceVersion "1"]
[SourceVersionDate "2001.11.25"]
[SourceQuality "1"]

1. c4 f5 2. d4 Nf6 3. Nf3 g6 4. g3 Bg7 5. Bg2 O-O 6. O-O d6 7. Nc3 Nc6 8. d5
Ne5 9. Nxe5 dxe5 10. c5 Kh8 11. Qb3 e4 12. Rd1 e6 13. d6 cxd6 14. cxd6 Qd7 15.
Bf4 b6 16. Be5 Bb7 17. Rac1 1/2-1/2

[Event "Graz op"]
[Site "Graz"]
[Date "2001.??.??"]
[Round "9"]
[White "Bogdanov, Valentin"]
[Black "Moser, Eva"]
[Result "1-0"]
[WhiteElo "2384"]
[BlackElo "2369"]
[PlyCount "55"]
[EventDate "2001.09.??"]
[EventType "swiss"]
[EventRounds "9"]
[EventCountry "AUT"]
[SourceTitle "EXT 2002"]
[Source "ChessBase"]
[SourceDate "2001.11.25"]
[SourceVersion "1"]
[SourceVersionDate "2001.11.25"]
[SourceQuality "1"]

1. d4 f5 2. g3 Nf6 3. Bg2 e6 4. c4 Be7 5. Nf3 d6 6. O-O O-O 7. Nc3 Qe8 8. Qc2
Qh5 9. e4 e5 10. dxe5 dxe5 11. Nd5 Nxd5 12. cxd5 Bd6 13. exf5 Bxf5 14. Qc3 Na6
15. Ng5 Qg6 16. Be3 Nb4 17. Ne6 Rfb8 18. Nc5 Nc2 19. Rac1 b6 20. Ne6 Rc8 21. a3
c6 22. Rxc2 Bxc2 23. dxc6 Qd3 24. Qxd3 Bxd3 25. Rd1 e4 26. Ng5 Re8 27. Rxd3
exd3 28. Bd5+ 1-0

[Event "Graz op"]
[Site "Graz"]
[Date "2001.??.??"]
[Round "8"]
[White "Moser, Eva"]
[Black "Hoellrigl, Wilfried"]
[Result "1-0"]
[WhiteElo "2369"]
[BlackElo "2196"]
[PlyCount "81"]
[EventDate "2001.09.??"]
[EventType "swiss"]
[EventRounds "9"]
[EventCountry "AUT"]
[SourceTitle "EXT 2002"]
[Source "ChessBase"]
[SourceDate "2001.11.25"]
[SourceVersion "1"]
[SourceVersionDate "2001.11.25"]
[SourceQuality "1"]

1. g3 g6 2. Bg2 Bg7 3. e4 c5 4. f4 d6 5. Nf3 Nc6 6. O-O e6 7. d3 Nge7 8. c3 O-O
9. Be3 b6 10. Na3 Bb7 11. d4 Rb8 12. Bf2 cxd4 13. Nxd4 Nxd4 14. Bxd4 e5 15. Be3
f5 16. fxe5 dxe5 17. Qb3+ Kh8 18. Rad1 Qc8 19. Nb5 Ba6 20. Rf2 Bxb5 21. Qxb5 f4
22. gxf4 Qg4 23. Qd7 Qh5 24. Rdf1 Ng8 25. Qxa7 Nf6 26. h3 Bh6 27. Bc1 exf4 28.
Bxf4 Bxf4 29. Rxf4 Qc5+ 30. Kh1 Ra8 31. b4 Qg5 32. Qxb6 Rxa2 33. R4f2 Rxf2 34.
Qxf2 Qe5 35. Qd4 Qg5 36. e5 Nd7 37. Qxd7 Rxf1+ 38. Bxf1 Qg3 39. Qd8+ Kg7 40.
Qd7+ Kh6 41. Qd4 1-0

[Event "Oberwart op"]
[Site "Oberwart"]
[Date "2001.??.??"]
[Round "8"]
[White "Ulybin, Mikhail"]
[Black "Moser, Eva"]
[Result "1-0"]
[WhiteElo "2574"]
[BlackElo "2309"]
[PlyCount "71"]
[EventDate "2001.??.??"]
[EventType "swiss"]
[EventRounds "9"]
[EventCountry "AUT"]
[SourceTitle "EXT 2002"]
[Source "ChessBase"]
[SourceDate "2001.11.25"]
[SourceVersion "1"]
[SourceVersionDate "2001.11.25"]
[SourceQuality "1"]

1. e4 c5 2. Nf3 Nc6 3. d4 cxd4 4. Nxd4 Nf6 5. Nc3 e5 6. Ndb5 d6 7. Bg5 a6 8.
Na3 b5 9. Nd5 Be7 10. Bxf6 Bxf6 11. c3 Rb8 12. Nc2 Bg5 13. g3 O-O 14. Bg2 Ne7
15. Ncb4 Bb7 16. h4 Bh6 17. Qd3 a5 18. Nxe7+ Qxe7 19. Nd5 Bxd5 20. Qxd5 Qe6 21.
Qd3 Qc4 22. Qxc4 bxc4 23. Rb1 Rb5 24. a4 Rc5 25. g4 f6 26. Kd1 g6 27. Kc2 f5
28. exf5 d5 29. Rbd1 d4 30. g5 d3+ 31. Kc1 Bg7 32. f6 Bh8 33. Be4 Kf7 34. h5
Ke6 35. hxg6 hxg6 36. Rh6 1-0

[Event "Graz op"]
[Site "Graz"]
[Date "2001.??.??"]
[Round "7"]
[White "Vodep, Otto"]
[Black "Moser, Eva"]
[Result "0-1"]
[WhiteElo "2121"]
[BlackElo "2369"]
[PlyCount "100"]
[EventDate "2001.09.??"]
[EventType "swiss"]
[EventRounds "9"]
[EventCountry "AUT"]
[SourceTitle "EXT 2002"]
[Source "ChessBase"]
[SourceDate "2001.11.25"]
[SourceVersion "1"]
[SourceVersionDate "2001.11.25"]
[SourceQuality "1"]

1. d4 e6 2. Nf3 f5 3. d5 Nf6 4. dxe6 dxe6 5. Qxd8+ Kxd8 6. Nc3 Bb4 7. Bd2 b6 8.
g3 Bb7 9. Bg2 Nbd7 10. a3 Bd6 11. O-O Ke7 12. Rad1 a6 13. Bf4 e5 14. Bg5 e4 15.
Nd4 g6 16. f3 exf3 17. exf3 Kf7 18. Be3 Ne5 19. f4 Bxg2 20. Kxg2 Nc4 21. Bc1
Rhe8 22. h3 Ne3+ 23. Bxe3 Rxe3 24. Rfe1 Rae8 25. Rxe3 Rxe3 26. Kf2 Re8 27. Nf3
h6 28. Re1 Ne4+ 29. Nxe4 fxe4 30. Nd4 h5 31. Ne2 Bc5+ 32. Kg2 Rd8 33. Nc3 Rd2+
34. Re2 Rxe2+ 35. Nxe2 Ke6 36. g4 h4 37. c4 Be3 38. b3 Kd6 39. Kf1 Kc5 40. Ke1
a5 41. Kd1 a4 42. Kc2 Bd4 43. Nc1 Bh8 44. Ne2 Bg7 45. bxa4 Kxc4 46. Kd2 c5 47.
Ke3 Kd5 48. f5 Bh6+ 49. Kf2 gxf5 50. gxf5 Bd2 0-1

[Event "Oberwart op"]
[Site "Oberwart"]
[Date "2001.??.??"]
[Round "7"]
[White "Moser, Eva"]
[Black "Palac, Mladen"]
[Result "1/2-1/2"]
[WhiteElo "2309"]
[BlackElo "2580"]
[PlyCount "85"]
[EventDate "2001.??.??"]
[EventType "swiss"]
[EventRounds "9"]
[EventCountry "AUT"]
[SourceTitle "EXT 2002"]
[Source "ChessBase"]
[SourceDate "2001.11.25"]
[SourceVersion "1"]
[SourceVersionDate "2001.11.25"]
[SourceQuality "1"]

1. e4 c5 2. g3 d5 3. exd5 Qxd5 4. Nf3 Nc6 5. Nc3 Qe6+ 6. Be2 Nd4 7. Nxd4 cxd4
8. Nb5 Qc6 9. f3 e5 10. Bd3 a6 11. Qe2 Kd8 12. Na3 Bxa3 13. bxa3 Nf6 14. O-O
Bh3 15. Re1 Re8 16. c3 Kc7 17. cxd4 exd4 18. Be4 Nxe4 19. fxe4 Rad8 20. d3 Kb8
21. Bf4+ Ka8 22. Rec1 Qa4 23. Qb2 Rc8 24. Bc7 Qd7 25. Bb6 Rc3 26. Rxc3 dxc3 27.
Qxc3 Rc8 28. Qd2 Qc6 29. Be3 Qf6 30. Rb1 Qf3 31. Qf2 Qxf2+ 32. Bxf2 Rc3 33. a4
Rxd3 34. a5 Kb8 35. Bb6 Rd2 36. Rc1 Rg2+ 37. Kh1 Rxa2 38. Rd1 Rc2 39. Rd8+ Rc8
40. Rxc8+ Kxc8 41. Kg1 Kd7 42. Kf2 Kc6 43. Ke3 1/2-1/2

[Event "BL 0001 (Women)"]
[Site "Germany"]
[Date "2001.??.??"]
[Round "6.3"]
[White "Delemarre, Isabel"]
[Black "Moser, Eva"]
[Result "0-1"]
[WhiteElo "2258"]
[BlackElo "2332"]
[PlyCount "62"]
[EventDate "2000.10.??"]
[EventType "team-tourn"]
[EventRounds "11"]
[EventCountry "GER"]
[SourceTitle "CBM 082 Extra"]
[Source "ChessBase"]
[SourceDate "2001.07.03"]
[SourceVersion "1"]
[SourceVersionDate "2001.07.03"]
[SourceQuality "1"]
[WhiteTeam "Karlsruhe (W)"]
[BlackTeam "Dresden (W)"]
[WhiteTeamCountry "GER"]
[BlackTeamCountry "GER"]

1. e4 b6 2. d4 Bb7 3. Bd3 Nf6 4. Qe2 e6 5. Nf3 c5 6. c3 Be7 7. O-O Nc6 8. a3
Na5 9. Nbd2 c4 10. Bc2 Qc7 11. Re1 O-O 12. Rb1 Rac8 13. e5 Nd5 14. Ne4 f5 15.
exf6 gxf6 16. Bh6 Rf7 17. Qd2 Kh8 18. Ng3 Rg8 19. Re2 Bd6 20. Re4 Ne7 21. Re3
Rg4 22. h3 Rg8 23. Ne4 Bf4 24. Bxf4 Qxf4 25. Rd1 Nd5 26. Qe2 Rfg7 27. Ne1 Nxe3
28. Qxe3 Qxe3 29. fxe3 f5 30. Nf6 Rxg2+ 31. Kf1 Rg1+ 0-1

[Event "Graz op"]
[Site "Graz"]
[Date "2001.??.??"]
[Round "6"]
[White "Moser, Eva"]
[Black "Kainrath, Florian"]
[Result "1/2-1/2"]
[WhiteElo "2369"]
[BlackElo "2128"]
[PlyCount "56"]
[EventDate "2001.09.??"]
[EventType "swiss"]
[EventRounds "9"]
[EventCountry "AUT"]
[SourceTitle "EXT 2002"]
[Source "ChessBase"]
[SourceDate "2001.11.25"]
[SourceVersion "1"]
[SourceVersionDate "2001.11.25"]
[SourceQuality "1"]

1. e4 c5 2. g3 g6 3. Bg2 Bg7 4. f4 d6 5. Nf3 e6 6. O-O Ne7 7. d3 O-O 8. c3 Nbc6
9. Be3 Rb8 10. d4 cxd4 11. Nxd4 Nxd4 12. Bxd4 Bxd4+ 13. Qxd4 Nc6 14. Qe3 b6 15.
Nd2 Ba6 16. Rf2 Ne7 17. Bh3 f5 18. exf5 exf5 19. Qe6+ Kg7 20. Nf3 Rc8 21. Re1
Rc7 22. Rd2 Bc4 23. Nd4 Rf6 24. Qe3 Nc6 25. b3 Re7 26. Qf2 Rxe1+ 27. Qxe1 Nxd4
28. Rxd4 Re6 1/2-1/2

[Event "Oberwart op"]
[Site "Oberwart"]
[Date "2001.??.??"]
[Round "6"]
[White "Golubovic, Boris"]
[Black "Moser, Eva"]
[Result "0-1"]
[WhiteElo "2476"]
[BlackElo "2309"]
[PlyCount "58"]
[EventDate "2001.??.??"]
[EventType "swiss"]
[EventRounds "9"]
[EventCountry "AUT"]
[SourceTitle "EXT 2002"]
[Source "ChessBase"]
[SourceDate "2001.11.25"]
[SourceVersion "1"]
[SourceVersionDate "2001.11.25"]
[SourceQuality "1"]

1. d4 f5 2. g3 Nf6 3. Bg2 e6 4. Nf3 Be7 5. c4 d6 6. Nc3 O-O 7. O-O Qe8 8. b3 a5
9. Bb2 Na6 10. Re1 Qh5 11. e4 fxe4 12. Nxe4 Nxe4 13. Rxe4 Bf6 14. Qd2 Bd7 15.
Rae1 Rae8 16. Ne5 dxe5 17. dxe5 Be7 18. Qxd7 Nc5 19. Qxc7 Nxe4 20. Bxe4 Bb4 21.
Rb1 Rxf2 22. Kxf2 Qxh2+ 23. Ke3 Qd2+ 24. Kf3 Rf8+ 25. Kg4 Qe2+ 26. Kh3 Qxe4 27.
Rg1 Qf5+ 28. g4 Qf3+ 29. Kh2 Bd2 0-1

[Event "Graz op"]
[Site "Graz"]
[Date "2001.??.??"]
[Round "5"]
[White "Winiwarter, Felix"]
[Black "Moser, Eva"]
[Result "1/2-1/2"]
[WhiteElo "2141"]
[BlackElo "2369"]
[PlyCount "53"]
[EventDate "2001.09.??"]
[EventType "swiss"]
[EventRounds "9"]
[EventCountry "AUT"]
[SourceTitle "EXT 2002"]
[Source "ChessBase"]
[SourceDate "2001.11.25"]
[SourceVersion "1"]
[SourceVersionDate "2001.11.25"]
[SourceQuality "1"]

1. e4 e6 2. d4 d5 3. Nc3 Bb4 4. e5 c5 5. a3 Bxc3+ 6. bxc3 Qa5 7. Bd2 Qa4 8. Nf3
b6 9. h4 Ba6 10. h5 h6 11. Rh4 Bxf1 12. Kxf1 Ne7 13. dxc5 Qa6+ 14. Kg1 bxc5 15.
Rb1 Nd7 16. c4 g5 17. hxg6 Nxg6 18. Rxh6 Rxh6 19. Bxh6 Qxc4 20. Qd2 Ndxe5 21.
Nxe5 Nxe5 22. Bf4 Nc6 23. c3 O-O-O 24. Bg3 Rd7 25. Qb2 Kd8 26. Qd2 Kc8 27. Qb2
1/2-1/2

[Event "Oberwart op"]
[Site "Oberwart"]
[Date "2001.??.??"]
[Round "5"]
[White "Moser, Eva"]
[Black "Vodep, Otto"]
[Result "1-0"]
[WhiteElo "2309"]
[BlackElo "2121"]
[PlyCount "77"]
[EventDate "2001.??.??"]
[EventType "swiss"]
[EventRounds "9"]
[EventCountry "AUT"]
[SourceTitle "EXT 2002"]
[Source "ChessBase"]
[SourceDate "2001.11.25"]
[SourceVersion "1"]
[SourceVersionDate "2001.11.25"]
[SourceQuality "1"]

1. f4 d5 2. Nf3 g6 3. e3 Bg7 4. Be2 Nf6 5. O-O O-O 6. d3 c5 7. Qe1 Nc6 8. Kh1
b6 9. a4 Bb7 10. Na3 Re8 11. Qh4 Nd7 12. e4 e6 13. Qh3 f5 14. Nb5 Ba6 15. c3
Nf6 16. e5 Ng4 17. Nd6 Re7 18. Ng1 Nh6 19. Nf3 Ng4 20. Rb1 Bc8 21. b4 cxb4 22.
cxb4 Bd7 23. Ng5 Nh6 24. b5 Na5 25. Bd2 Qb8 26. Rfc1 Nb7 27. Bb4 Nc5 28. Bxc5
bxc5 29. Rxc5 Qb6 30. d4 Qa5 31. Qc3 Qxc3 32. Rxc3 Ng4 33. Kg1 h6 34. Nf3 h5
35. a5 Nh6 36. b6 axb6 37. axb6 Nf7 38. b7 Rb8 39. Rc8+ 1-0

[Event "Graz op"]
[Site "Graz"]
[Date "2001.??.??"]
[Round "4"]
[White "Moser, Eva"]
[Black "Holzbauer, Johannes"]
[Result "1/2-1/2"]
[WhiteElo "2369"]
[BlackElo "2152"]
[PlyCount "72"]
[EventDate "2001.09.??"]
[EventType "swiss"]
[EventRounds "9"]
[EventCountry "AUT"]
[SourceTitle "EXT 2002"]
[Source "ChessBase"]
[SourceDate "2001.11.25"]
[SourceVersion "1"]
[SourceVersionDate "2001.11.25"]
[SourceQuality "1"]

1. f4 d5 2. Nf3 g6 3. e3 Bg7 4. Be2 c5 5. O-O Nc6 6. d3 Nh6 7. Qe1 O-O 8. e4
Bg4 9. h3 Bxf3 10. Bxf3 Nd4 11. Bd1 e6 12. c3 Nc6 13. Nd2 d4 14. c4 f6 15. Rf2
Nf7 16. Nf1 Bh6 17. g3 a6 18. Ba4 Qc7 19. a3 Rfb8 20. b4 cxb4 21. Bxc6 bxc6 22.
axb4 Bf8 23. c5 a5 24. Rfa2 Qb7 25. bxa5 Bxc5 26. Ba3 Bxa3 27. Rxa3 e5 28. Nd2
Qd7 29. Qf1 Nd6 30. R3a2 Kf7 31. a6 Ra7 32. Kh2 Rb6 33. Qc1 exf4 34. gxf4 Rb5
35. Nf3 Rh5 36. Qf1 Nb5 1/2-1/2